000
00295nam a22001337a 4500
008
181204b xxu||||| |||| 00| 0 eng d
020
_a
9780471578130
041
_a
eng
080
_a
004
100
_a
38
101
_a
SHK
245
_a
Developping User Interfaces
_c
Hix.D
942
_2
udc
_c
BK
999
_c
52795
_d
52795